Central Library OPAC University of Rajshahi

Statistical models based on counting processes / (Record no. 7451)

MARC details
000 -LEADER
fixed length control field 00941cam a2200289 a 4500
001 - CONTROL NUMBER
control field 7451
003 - CONTROL NUMBER IDENTIFIER
rucl marc code BD-RjUL
005 - DATE AND TIME OF LATEST TRANSACTION
control field 20211208234421.0
008 - FIXED-LENGTH DATA ELEMENTS--GENERAL INFORMATION
fixed length control field 140115s1993 nyua b 001 0 eng
020 ## - INTERNATIONAL STANDARD BOOK NUMBER
International Standard Book Number 0387978720 (alk. paper)
International Standard Book Number 3540978720 (Berlin : alk. paper)
035 ## - SYSTEM CONTROL NUMBER
System control number (BD-RjUL)7494
040 ## - CATALOGING SOURCE
Original cataloging agency DLC
Transcribing agency DLC
Modifying agency DLC
-- BD-RjUL
Language of cataloging eng
041 ## - LANGUAGE CODE
Language code of text/sound track or separate title eng
082 00 - DEWEY DECIMAL CLASSIFICATION NUMBER
Classification number 519.23
Edition number 20
Author mark and year STA 1993
245 00 - TITLE STATEMENT
Title Statistical models based on counting processes /
Statement of responsibility, etc. Per Kragh Andersen ... [et al.].
260 ## - PUBLICATION, DISTRIBUTION, ETC. (IMPRINT)
Place of publication, distribution, etc. New York :
Name of publisher, distributor, etc. Springer-Verlag,
Date of publication, distribution, etc. c1993.
300 ## - PHYSICAL DESCRIPTION
Pagination xi, 767 p. :
Illustrations ill. ;
Size 24 cm.
504 ## - BIBLIOGRAPHY, ETC. NOTE
Bibliography, etc Includes bibliographical references (p. [715]-746) and indexes.
650 #0 - SUBJECT ADDED ENTRY--TOPICAL TERM
Topical term or geographic name as entry element Point processes.
9 (RLIN) 23281
Topical term or geographic name as entry element Mathematical statistics.
9 (RLIN) 23282
700 1# - ADDED ENTRY--PERSONAL NAME
Personal name Andersen, Per Kragh.
942 ## - ADDED ENTRY ELEMENTS (KOHA)
Source of classification or shelving scheme Dewey Decimal Classification
Koha item type Books
Holdings
Lost status Source of classification or shelving scheme Damaged status Not for loan Collection code Permanent Location Current Location Shelving location Date acquired Source of acquisition Cost, normal purchase price Total Checkouts Full call number Date last seen Copy number Koha item type
  Dewey Decimal Classification   Not For Loan Non-fiction Central Library, University of Rajshahi Central Library, University of Rajshahi   01/07/1997 Ahasania Mission, Dhaka 2003.82   519.23 STA 1993 15/01/2014 C-1 Books
  Dewey Decimal Classification     Non-fiction Central Library, University of Rajshahi Central Library, University of Rajshahi   30/06/1997 Ahasania Mission Book Distribution 78.00   519.23 STA 1993 23/03/2017 C-2 Books